000 00526nam a22001937a 4500
003 KOHA_MİRAKIL
005 20251030133602.0
008 251030b tu ||||| |||| 00| 0 tur d
020 _a9786053423157
040 _aTR-AnABB
_btur
_cTR-AnABB
041 _atur
082 _a813.42
_bSER 2016
100 1 _aSerdengeçti, Burak,
245 1 0 _aAnzako /
_cBurak Serdengeçti
260 _aAnkara :
_bAkçağ Yayınevi,
_c2016
300 _a527 sayfa ;
_c22 cm
650 0 4 _aTürk edebiyatı, roman
942 _2ddc
_cBK
999 _c9233
_d9233
900 _bGizem YORULMAZ